00924nam a2200217 a 450000100100000000500170001000800410002702000150006804000250008308200150010810000400012324500890016326000430025230000350029549000670033050000720039750400310046983000760050095201130057699900170068900004396620201002045053.0140512s1981 sp ab 000 0 spa d a8472861538 aDO-SdBNPbspacBNPHU axxxxbxxxx1 aMoro, José María,d1948-97191313aLa desamortización en Asturias en el siglo XIX /cJosé María Moro Barreñada. a[Gijón] :bSilverio Cañada,c1981. a348 p. :bil., mapas ;c21 cm.1 aBiblioteca Julio Somozaatemas de investigación asturianav5 aIncluye referncias bibliográficas y notas al pie de las páginas aBibliografía: p. 339-345 0aBiblioteca Julio Somozaptemas de investigación asturiana ;n5971914 001050718MOaGRbGRcCTd2014-05-12iLF1l0oxxxx xxxxp43966-10r2020-06-25w2020-06-25y1ZNo se presta c43455d43455